| 000 | 01345nam a22003737a 4500 | ||
|---|---|---|---|
| 003 | CHAP | ||
| 005 | 20220329141120.0 | ||
| 008 | 971010s1981 r 00010 d | ||
| 010 | _a62808 | ||
| 011 | _a63780 | ||
| 035 | _a68134 | ||
| 040 | _cCHAP | ||
| 082 |
_a333.91 _bM4 1981 |
||
| 110 |
_aMéxico. Leyes, decretos, etc. _977071 |
||
| 245 |
_aLey federal de aguas _b: exposición de motivos, trancripciones para su interpretación auténtica, antecedentes legislativos, correlaciones y jurisprudencia |
||
| 250 | _a3 ed. rev. | ||
| 260 |
_aMéxico, D.F. : _bPorrúa, _c1981 |
||
| 300 | _a184 p. | ||
| 490 | _aLeyes y códigos de México | ||
| 590 |
_aBATCH-UPD _b10 _c20130110 _lUCH01 _h1318 |
||
| 590 |
_aBATCH-UPD _b10 _c20130410 _lUCH01 _h0828 |
||
| 590 |
_aBATCH-UPD _b10 _c20130914 _lUCH01 _h0308 |
||
| 590 |
_aBATCH-UPD _b10 _c20141001 _lUCH01 _h1311 |
||
| 590 |
_aCONVERSION _b10 _c20130109 _lUCH01 _h1334 |
||
| 650 | 1 | 4 |
_aAgua _xDistribucion. _92366 |
| 650 | 1 | 4 |
_aAgua _xLeyes _xMéxico. _92387 |
| 650 | 1 | 4 |
_aAgua _xUtilización. _92401 |
| 700 | 0 |
_aChávez Padrón, Martha. _922751 |
|
| 830 | 0 |
_aLeyes y códigos de México _966564 |
|
| 901 | _aBK | ||
| 942 | _cLIBRO | ||
| 949 |
_a333.91 M4 1981 _bBC _cLIBRO _d33724000333548 _eLIBRO _h64565 _i68134 _si |
||
| 949 |
_a333.91 M4 1981 _bBC _cLIBRO _d33724000395729 _eLIBRO _fc.2 _h64566 _i68134 _si |
||
| 999 |
_c62808 _d62808 |
||